[Event "Challenge"]
[Site "http://www.queenalice.com/game.php?id=70657"]
[Date "2006.5.22"]
[Round "-"]
[White "Josh14"]
[Black "Mirok"]
[Result "0-1"]
[WhiteElo "1177"]
[BlackElo "1987"]

1. Nc3 c5 2. b3 d5 3. e4 d4 4. Nd5 e6 5. Nf4 Bd6 6. d3 Nf6 7. Ngh3 O-O 8. g4 e5
9. Nh5 Nxh5 10. gxh5 Nc6 11. Rg1 f6 12. Bh6 Rf7 13. a4 Bc7 14. Bd2 Ba5 15. c3
dxc3 16. b4 Bxb4 17. h6 cxd2+ 18. Ke2 Nd4+ 19. Ke3 f5 20. Qh5 f4+ 21. Nxf4 exf4#
0-1

[Event "Let's Play Chess!"]
[Site "http://www.queenalice.com/game.php?id=70659"]
[Date "2006.5.22"]
[Round "-"]
[White "Josh14"]
[Black "gerchurches"]
[Result "0-1"]
[WhiteElo "1177"]
[BlackElo "2155"]

1. d4 e6 2. d5 e5 3. Nf3 d6 4. Bg5 Nf6 5. e3 Bg4 6. Bb5+ c6 7. Ba4 Be7 8. h3
Bxf3 9. Qxf3 Nxd5 10. Nc3 Bxg5 11. h4 Nxc3 12. bxc3 Bf6 13. h5 Qa5 14. Kd2 Qxa4
15. Rab1 b6 16. Rb4 Qxa2 17. Qe2 Qd5+ 18. Ke1 Qxg2 19. Qf1 Qxf1+ 20. Rxf1 Na6
21. Rg4 h6 22. f4 e4 23. Rg2 O-O 24. Rd2 Bxc3 25. f5 Bxd2+ 26. Kxd2 g5 27. fxg6
fxg6 28. Rg1 g5 0-1

[Event "AUTO-OPEN-275"]
[Site "http://www.queenalice.com/game.php?id=70763"]
[Date "2006.5.22"]
[Round "1"]
[White "mauro225"]
[Black "Josh14"]
[Result "1-0"]
[WhiteElo "1292"]
[BlackElo "1221"]

1. e4 f6 2. Bc4 e6 3. Qh5+ g6 4. Qf3 h5 5. b3 Nc6 6. Qd3 Ne5 7. Qg3 Ng4 8. h3
Ne5 9. f4 Nc6 10. Ba3 Bg7 11. Qxg6# 1-0

[Event "AUTO-OPEN-275"]
[Site "http://www.queenalice.com/game.php?id=70764"]
[Date "2006.5.22"]
[Round "1"]
[White "Josh14"]
[Black "mauro225"]
[Result "1-0"]
[WhiteElo "1140"]
[BlackElo "1233"]

1. d4 e6 2. e4 Nc6 3. Bb5 Nb4 4. a3 Nc6 5. d5 Ne5 6. c4 a6 7. Ba4 exd5 8. Nf3
Nxc4 9. exd5 Qe7+ 10. Be3 Nxb2 11. Qb3 Nxa4 12. Qxa4 b5 13. Qa5 Qf6 14. Bd4 1-0

[Event "AUTO-OPEN-275"]
[Site "http://www.queenalice.com/game.php?id=70789"]
[Date "2006.5.22"]
[Round "1"]
[White "claudiocaire"]
[Black "Josh14"]
[Result "1-0"]
[WhiteElo "1426"]
[BlackElo "1185"]

1. c3 c5 2. Qb3 Qb6 3. Nf3 d6 4. Ng5 h6 5. Ne4 g5 6. c4 Nd7 7. Qxb6 Nxb6 8. d3
Nf6 9. Nxf6+ exf6 10. e4 a5 11. Be2 Rg8 12. O-O g4 13. Nc3 f5 14. exf5 Bxf5 15.
Nb5 Rc8 16. f3 g3 17. hxg3 Rxg3 18. f4 Na4 19. Bd2 Bh3 20. Rf3 Rxg2+ 21. Kf1
Nxb2 22. Rxh3 Rg6 23. Rb1 Na4 24. Re3+ Be7 25. f5 Rg5 26. Rh3 Nc3 27. Nxc3 Rg7
28. Rxb7 a4 29. Rxh6 Kf8 30. Nxa4 Kg8 31. Nb6 Re8 32. a4 Bf6 33. Rxf6 Kh8 34.
Rxd6 Rh7 35. Bc3+ Kg8 36. f6 Rh2 37. Bf3 Rh3 38. Be4 Re3 39. Bg6 Re2 40. Rxf7
Rh2 41. Rfd7 Ree2 42. Rd8+ Re8 43. Rxe8# 1-0

[Event "AUTO-OPEN-275"]
[Site "http://www.queenalice.com/game.php?id=70790"]
[Date "2006.5.22"]
[Round "1"]
[White "Josh14"]
[Black "claudiocaire"]
[Result "0-1"]
[WhiteElo "1194"]
[BlackElo "1419"]

1. c4 c6 2. d4 e6 3. c5 Qf6 4. b4 e5 5. Bb2 Nh6 6. Nf3 Ng4 7. Rg1 Na6 8. dxe5
Nxe5 9. Nxe5 Nxb4 10. g4 Qf4 11. Rg2 Bxc5 12. Qb3 d6 13. Nxf7 Rf8 14. Bxg7 Rxf7
15. Qb2 Rxg7 16. a3 Bd4 17. Qd2 Qe4 18. f3 Qe5 19. Qxb4 Bxa1 20. e4 c5 21. Qa4+
Bd7 22. Qd1 O-O-O 23. Rd2 Rg6 24. Rd5 Qc3+ 25. Nd2 Qxa3 26. Nc4 Bc3+ 27. Ke2 Qa4
28. Nxd6+ Kc7 29. Qb1 Rxd6 30. Re5 Rd2+ 31. Ke1 c4 32. Rc5+ Bc6 33. Bxc4 Rd1+
34. Kf2 Rxb1 35. Bd5 Qc2+ 36. Kg3 Be5+ 37. Kh4 Qxc5 38. Bxc6 Qxc6 39. Kg5 Qg6+
40. Kh4 Rg1 41. g5 Qxg5+ 42. Kh3 Qh5# 0-1

[Event "AUTO-OPEN-275"]
[Site "http://www.queenalice.com/game.php?id=70807"]
[Date "2006.5.22"]
[Round "1"]
[White "Josh14"]
[Black "dgrecu"]
[Result "0-1"]
[WhiteElo "1200"]
[BlackElo "1475"]

1. a4 e5 2. h4 h5 3. d4 exd4 4. Qxd4 Nc6 5. Qe3+ Be7 6. a5 Nf6 7. Qg5 O-O 8. Ra4
g6 9. Rf4 Ng4 10. Qd5 Bxh4 11. Nh3 d6 12. Ng5 Bxg5 13. Rc4 Bxc1 14. e3 Qf6 15.
f3 Nxe3 16. Qb5 a6 17. Qb3 Nxa5 18. Qc3 Qg5 19. Re4 Qg3+ 20. Ke2 Nac4 21. Rg4
Bxg4 22. fxg4 Bxb2 23. Qd2 Nxd2 24. Nxd2 Qxg4+ 25. Kxe3 Rae8+ 26. Kd3 Qd4# 0-1

[Event "AUTO-OPEN-275"]
[Site "http://www.queenalice.com/game.php?id=70808"]
[Date "2006.5.22"]
[Round "1"]
[White "dgrecu"]
[Black "Josh14"]
[Result "1-0"]
[WhiteElo "1538"]
[BlackElo "1171"]

1. e4 Nh6 2. d4 f5 3. exf5 Nxf5 4. Nf3 d5 5. Nc3 e6 6. Bg5 Be7 7. Bxe7 Nxe7 8.
Ne5 O-O 9. Bd3 Nec6 10. Nxc6 bxc6 11. Qh5 Nd7 12. Qxh7+ Kf7 13. Bg6+ Ke7 14. O-O
Kf6 15. Rae1 Rh8 16. Re3 Rxh7 17. Bxh7 g6 18. Ne2 Qh8 19. Rh3 Ba6 20. Bxg6 Qg7
21. Bd3 Rg8 22. Nf4 Kg5 23. Nxe6+ Kf6 24. Nxg7 Rxg7 25. Rh6+ Kg5 26. Rxc6 Kg4
27. Rxa6 Rf7 28. Rxa7 Rf4 29. Rxc7 Nf6 30. h3+ Kh4 31. g3+ Kxh3 32. gxf4 Ng4 33.
Rh7+ 1-0

[Event "Challenge"]
[Site "http://www.queenalice.com/game.php?id=70853"]
[Date "2006.5.22"]
[Round "-"]
[White "Josh14"]
[Black "alberto"]
[Result "0-1"]
[WhiteElo "1258"]
[BlackElo "1100"]

1. f4 d5 2. g3 e6 3. h4 c5 4. d3 Nf6 5. e4 dxe4 6. Rh3 Be7 7. a4 O-O 8. g4 e5 9.
fxe5 Bxg4 10. Qd2 Nh5 11. dxe4 Bxh4+ 12. Rxh4 Qxh4+ 13. Qf2 Qxf2+ 14. Kxf2 Nc6
15. Bh3 Nxe5 16. Ra3 Rad8 17. Nd2 f5 18. exf5 Rxf5+ 19. Ndf3 Rdf8 20. Re3 Bxh3
21. Nxh3 Nxf3 22. Re6 Nd4+ 23. Ke1 Nxe6 24. c3 Ng3 25. b4 Rd8 26. Bd2 Rf1# 0-1

[Event "Challenge"]
[Site "http://www.queenalice.com/game.php?id=70854"]
[Date "2006.5.22"]
[Round "-"]
[White "Josh14"]
[Black "franliro"]
[Result "0-1"]
[WhiteElo "1160"]
[BlackElo "1844"]

1. h3 e5 2. e4 Nf6 3. Bd3 Bc5 4. Bc4 Nxe4 5. Qf3 d5 6. Bb5+ c6 7. Bd3 Nxf2 8.
Rh2 O-O 9. Rh1 Nxh1 10. Qh5 e4 11. Nf3 Bf2+ 12. Kd1 exd3 0-1

[Event "AUTO-MASTER-149"]
[Site "http://www.queenalice.com/game.php?id=70976"]
[Date "2006.5.23"]
[Round "1"]
[White "Josh14"]
[Black "azumi"]
[Result "0-1"]
[WhiteElo "1158"]
[BlackElo "1552"]

1. d4 d5 2. e3 Nf6 3. c4 e6 4. Bd3 Bb4+ 5. Bd2 Nc6 6. e4 dxe4 7. Be2 Qxd4 8. Nh3
Qxb2 9. Nc3 Bxc3 10. Bxc3 Qxc3+ 11. Kf1 O-O 12. Qc1 Qxc1+ 13. Rxc1 Nb4 14. Rc3
Rd8 15. a3 Nd3 16. c5 Nd5 17. Rc4 N5f4 18. a4 Nxh3 19. gxh3 Nf4 0-1

[Event "AUTO-MASTER-149"]
[Site "http://www.queenalice.com/game.php?id=70977"]
[Date "2006.5.23"]
[Round "1"]
[White "azumi"]
[Black "Josh14"]
[Result "1-0"]
[WhiteElo "1554"]
[BlackElo "1156"]

1. e4 e5 2. Bc4 Nh6 3. Nf3 Ng4 4. h3 Nf6 5. d3 d5 6. exd5 c6 7. dxc6 Nxc6 8. Qe2
Nb4 9. Nxe5 Nfd5 10. Nc6+ Be7 11. Nxd8 Kxd8 12. O-O Be6 13. a3 h5 14. axb4 Rh6
15. Bxh6 Bd6 16. Bxg7 Rc8 17. Qxh5 Nxb4 18. Rxa7 Nd5 19. Rxb7 Bc7 20. Bxd5 1-0

[Event "AUTO-MASTER-149"]
[Site "http://www.queenalice.com/game.php?id=70978"]
[Date "2006.5.23"]
[Round "1"]
[White "Josh14"]
[Black "arvim"]
[Result "0-1"]
[WhiteElo "1200"]
[BlackElo "1743"]

1. d4 d5 2. b4 a5 3. Ba3 e6 4. c3 axb4 5. cxb4 Rxa3 6. Nxa3 Bxb4+ 7. Qd2 Bxd2+
8. Kxd2 Nf6 9. e3 c5 10. dxc5 Qa5+ 11. Kd1 Qxa3 12. Rc1 Nc6 13. Bb5 O-O 14. Nh3
Ne4 15. Ke2 Nc3+ 16. Kf3 Nxb5 17. Ng5 e5 18. Rhd1 Qb4 19. Rxd5 Qg4# 0-1

[Event "AUTO-MASTER-149"]
[Site "http://www.queenalice.com/game.php?id=70979"]
[Date "2006.5.23"]
[Round "1"]
[White "arvim"]
[Black "Josh14"]
[Result "1-0"]
[WhiteElo "1743"]
[BlackElo "1200"]

1. d4 g6 2. e4 Bg7 3. f4 h5 4. Nf3 Nc6 5. c3 b5 6. Bxb5 h4 7. Nbd2 g5 8. Nxg5
Nh6 9. Ndf3 e5 10. fxe5 Ng4 11. O-O Rh6 12. Bxc6 dxc6 13. Qb3 Qd7 14. h3 Rh5 15.
hxg4 Qxg4 16. Qxf7+ Kd8 17. Qxg7 h3 18. Qf8+ Kd7 19. e6+ Qxe6 20. Nxe6 Ba6 21.
Qf7+ Kc8 22. Qxc7# 1-0

[Event "AUTO-MASTER-149"]
[Site "http://www.queenalice.com/game.php?id=70980"]
[Date "2006.5.23"]
[Round "1"]
[White "Josh14"]
[Black "li2carpio"]
[Result "0-1"]
[WhiteElo "1169"]
[BlackElo "1862"]

1. d4 g6 2. Bd2 Bg7 3. Bc3 d5 4. Na3 Nf6 5. b4 a6 6. b5 axb5 7. Nxb5 c6 8. Qd3
cxb5 9. Qxb5+ Nc6 10. Bb4 O-O 11. e4 Nxd4 12. Qc5 Nxe4 13. c3 b6 14. Qxe7 Nc2+
15. Kd1 Nxa1 16. Nh3 Nxc3+ 17. Kd2 Ne4+ 18. Kd3 Ba6+ 19. Ke3 Qc8 20. Bd3 Bxd3
21. Ba3 Qg4 22. Kxd3 Rfe8 0-1

[Event "AUTO-MASTER-149"]
[Site "http://www.queenalice.com/game.php?id=70981"]
[Date "2006.5.23"]
[Round "1"]
[White "li2carpio"]
[Black "Josh14"]
[Result "1-0"]
[WhiteElo "1778"]
[BlackElo "1258"]

1. e4 Nf6 2. e5 Ne4 3. d4 d6 4. f4 h5 5. h3 g5 6. fxg5 Ng3 7. Rh2 Nc6 8. Bb5 f6
9. Qd3 fxg5 10. Qg6+ Kd7 11. e6# 1-0

[Event "Challenge"]
[Site "http://www.queenalice.com/game.php?id=72825"]
[Date "2006.5.29"]
[Round "-"]
[White "Josh14"]
[Black "GG"]
[Result "0-1"]
[WhiteElo "1300"]
[BlackElo "1681"]

1. d4 Nf6 2. Bf4 e6 3. Nd2 d5 4. e4 dxe4 5. Bc4 Qxd4 6. Nb3 Qxc4 7. Ne2 Be7 8.
Qd2 O-O 9. a4 Rd8 10. Nbd4 c5 11. b3 Qa6 12. c3 cxd4 13. cxd4 Nc6 14. Bc7 Rxd4
15. Nxd4 Bb4 16. Qxb4 Nxb4 17. Rd1 Nd3+ 18. Ke2 e5 19. Nf5 Nf4+ 20. Ke3 Qe2# 0-1

[Event "Challenge"]
[Site "http://www.queenalice.com/game.php?id=73483"]
[Date "2006.6.1"]
[Round "-"]
[White "Josh14"]
[Black "davividal"]
[Result "0-1"]
[WhiteElo "1283"]
[BlackElo "1384"]

1. e4 c6 2. Bd3 d5 3. c4 Nf6 4. Nf3 dxe4 5. Bxe4 Nxe4 6. d4 Bg4 7. Qd3 Nf6 8. d5
cxd5 9. cxd5 Qxd5 10. Qd4 Bxf3 11. Qd2 Bxg2 12. Rg1 Qxd2+ 13. Bxd2 Bc6 14. Nc3
g6 15. Ne2 Bg7 16. Bb4 Nbd7 17. Rg5 e6 18. Bd6 Ne4 19. Rg4 Nxd6 20. Rd1 Nf5 21.
Nd4 Nxd4 22. Rgxd4 Bxd4 23. Rxd4 O-O-O 24. Rd6 Ne5 25. Rxd8+ Rxd8 26. Kf1 Nf3
27. Kg2 Rd4 28. Kh1 Nh4+ 29. f3 Rd1# 0-1

[Event "Challenge"]
[Site "http://www.queenalice.com/game.php?id=73870"]
[Date "2006.6.2"]
[Round "-"]
[White "Josh14"]
[Black "Railton"]
[Result "0-1"]
[WhiteElo "1167"]
[BlackElo "1634"]

1. d4 d6 2. d5 h6 3. c4 Nf6 4. b4 e5 5. Bb2 Be7 6. g3 O-O 7. e3 c6 8. Bg2 a5 9.
h4 axb4 10. dxc6 bxc6 11. f4 Bg4 12. Nf3 c5 13. O-O Ra7 14. Nbd2 e4 15. Rc1 Bxf3
16. Bxf3 exf3 17. Nxf3 Ne4 18. Ng5 hxg5 19. hxg5 Nxg3 20. Rf3 Nf5 21. Rh3 f6 22.
Qh5 Qc8 23. g6 Nh6 24. Kh2 Qf5 25. Rg1 Qxh5 26. Rxh5 f5 27. Bxg7 Rxa2+ 28. Kh3
Kxg7 29. Kg3 Nd7 30. Rgh1 Rh8 31. e4 Nf6 32. R1h2 Rxh2 33. Rxh2 Nxe4+ 34. Kg2
Kxg6 35. Kf3 Bf6 36. Rf2 Nxf2 37. Ke2 Nhg4 38. Kf1 b3 39. Kg1 b2 40. Kg2 b1=Q
41. Kg3 Ne4+ 0-1